Statistics for Juventus Squad 2018-2019

Click here to take the quiz!

General Stats

  • This quiz has been taken 173 times
  • The average score is 19 of 24

Answer Stats

Ruolo Giocatore Nazionalità % Correct
LMCristiano RonaldoPortugal
96%
ST/CAMPaulo DybalaArgentina
95%
ST/LWMario MandzukićCroatia
94%
CBGiorgio ChielliniItaly
94%
CMMiralem PjanićBosnia
92%
CBLeonardo BonucciItaly
92%
RMJuan CuadradoColumbia
92%
CMSami KhediraGermany
92%
LBAlex SandroBrazil
89%
CMBlaise MatuidiFrance
88%
LMDouglas CostaBrazil
87%
CMEmre CanGermany
86%
CBMedhi BenatiaMorocco
85%
GKWojciech SzczęsnyPoland
79%
RBJoao CanceloPortugal
79%
CBAndrea BarzagliItaly
77%
GKMattia PerinItaly
76%
RMFederico BernardeschiItaly
73%
CMRodrigo BentancurUruguay
72%
CBDaniele RuganiItaly
71%
RBMattia De SciglioItaly
63%
STMoise KeanItaly
60%
LBLeonardo SpinazzolaItaly
44%
GKCarlo PinsoglioItaly
40%

Score Distribution

Percentile by Number Answered

Percent of People with Each Score

Your Score History

You have not taken this quiz